LEADER 01700oas 2200673 a 450 001 9910145829103321 005 20260218112154.0 035 $a(DE-599)ZDB2127695-X 035 $a(OCoLC)41148261 035 $a(CONSER)sn 99003753 035 $a(CKB)991042754134494 035 $a(DE-599)2127695-X 035 $a(EXLCZ)99991042754134494 100 $a19990412a19979999 sy a 101 0 $aeng 135 $aurcn||||||||| 181 $ctxt$2rdacontent 182 $cc$2rdamedia 183 $acr$2rdacarrier 200 04$aThe Cortland review 210 $aArlington, VA $cCortland Review 311 08$a1524-6744 531 0 $aCortland rev. 606 $aAmerican poetry$y20th century$vPeriodicals 606 $aAmerican poetry$y21st century$vPeriodicals 606 $aPoets, American$vInterviews$vPeriodicals 606 $aAmerican poetry$2fast$3(OCoLC)fst00807348 606 $aPoets, American$2fast$3(OCoLC)fst01067794 608 $aInterviews.$2fast 608 $aPeriodicals.$2fast 615 0$aAmerican poetry 615 0$aAmerican poetry 615 0$aPoets, American 615 7$aAmerican poetry. 615 7$aPoets, American. 676 $a808 801 0$bNSD 801 1$bNSD 801 2$bOCLCQ 801 2$bCGU 801 2$bOCLCQ 801 2$bIUL 801 2$bOCL 801 2$bOCLCQ 801 2$bOCLCO 801 2$bOCLCQ 801 2$bOCLCF 801 2$bOCLCO 801 2$bOCLCQ 801 2$bOCL 801 2$bBWN 801 2$bVT2 801 2$bOCLCQ 801 2$bOCLCL 801 2$bOCLCQ 906 $aJOURNAL 912 $a9910145829103321 996 $aThe Cortland review$91916169 997 $aUNINA